000 00314nam a2200109Ia 4500
008 200302s9999 xx 000 0 und d
100 _aElizabeth Durst & Denise Bratton (Eds)
245 _aSymphony- Frank Gehry's Walt Disney Concert Hall
260 _bFive ties Publishing, New York
260 _c2009
300 _a173
999 _c4478
_d4478